[Event "AUTO-ADV-2907"]
[Site "http://www.queenalice.com/game.php?id=1200199"]
[Date "2013.7.16"]
[Round "1"]
[White "srvjhym"]
[Black "robsoncxi"]
[Result "0-1"]
[WhiteElo "1871"]
[BlackElo "1998"]

1. d4 d5 2. Nf3 c5 3. dxc5 Nc6 4. c3 e6 5. b4 a5 6. b5 Na7 7. b6 Nc6 8. Ba3 Nf6
9. e3 Nd7 10. Bb5 Bxc5 11. Bxc5 Nxc5 12. Qd4 Qxb6 13. Bxc6+ bxc6 14. Qxg7 Rf8
15. Qxh7 Qb2 0-1

[Event "AUTO-ADV-2938"]
[Site "http://www.queenalice.com/game.php?id=1209755"]
[Date "2013.8.20"]
[Round "1"]
[White "jck2"]
[Black "srvjhym"]
[Result "0-1"]
[WhiteElo "1677"]
[BlackElo "1980"]

1. d4 d5 2. c4 Nf6 3. Nc3 e6 4. Nf3 dxc4 5. e3 Bb4 6. Bxc4 O-O 7. O-O c5 8. dxc5
Bxc5 9. a3 Qc7 10. Nb5 Qc6 11. Be2 a6 12. Nc3 Qb6 13. b4 Be7 14. Bb2 Qd8 15. Qc2
b5 16. Ne4 Nbd7 17. Rfd1 Qb6 18. Rac1 Bb7 19. Nxf6+ Nxf6 20. Ng5 Rac8 21. Qb1
Rxc1 22. Rxc1 g6 23. Bd4 Qd6 24. Bc5 Qd5 25. Nf3 Bxc5 26. Rxc5 Qd6 27. h3 Ne4
28. Rc1 Rd8 29. Nd4 Bd5 30. Qc2 e5 31. Nf3 Kg7 32. Qb2 f6 33. Rd1 Rc8 34. Bd3
Nc3 35. Rd2 e4 36. Bxe4 Nxe4 37. Rc2 Rxc2 38. Qxc2 Qe6 39. Nd4 Qd7 40. f3 Nd6
41. e4 Bf7 42. Qc3 Nc4 43. Kf2 Nxa3 44. Qd3 Kg8 45. Kg3 Qd6+ 46. f4 Qxb4 47. Kg4
Nc4 48. Nc6 Qe1 49. Ne7+ Kg7 50. Kf3 Nd2+ 51. Kg4 h5# 0-1

[Event "AUTO-ADV-2938"]
[Site "http://www.queenalice.com/game.php?id=1209756"]
[Date "2013.8.20"]
[Round "1"]
[White "srvjhym"]
[Black "jck2"]
[Result "1-0"]
[WhiteElo "1939"]
[BlackElo "1674"]

1. d4 d5 2. c4 Nc6 3. Nf3 Bg4 4. Qb3 Rb8 5. cxd5 Bxf3 6. Qxf3 Nxd4 7. Qe4 c5 8.
dxc6 Nxc6 9. e3 Nf6 10. Qa4 e6 11. Bb5 Qb6 12. O-O a6 13. Be2 Bd6 14. Nd2 O-O
15. b3 Qb4 16. Qxb4 Bxb4 17. Nc4 b5 18. Nb2 Rfd8 19. Nd3 Bc3 20. Bb2 Bxb2 21.
Nxb2 Rd2 22. Bf3 Ne5 23. Nd1 Nxf3+ 24. gxf3 Rc8 25. e4 Rc5 26. Ne3 Rg5+ 27. Kh1
Nh5 28. Rg1 Rxg1+ 29. Kxg1 Nf4 30. Rd1 Rxd1+ 31. Nxd1 e5 32. Nc3 f6 33. Kf1 Kf7
34. Ne2 Nxe2 35. Kxe2 Ke6 36. Ke3 Kd6 37. f4 Kc5 38. fxe5 fxe5 39. f4 exf4+ 40.
Kxf4 Kd6 41. Kf5 Ke7 42. Ke5 g6 43. b4 h6 44. h3 h5 45. h4 g5 46. hxg5 h4 47.
Kf4 h3 48. Kg3 h2 49. Kxh2 Kf7 50. Kg3 Kg6 51. Kf4 1-0

[Event "AUTO-ADV-2938"]
[Site "http://www.queenalice.com/game.php?id=1209769"]
[Date "2013.8.20"]
[Round "1"]
[White "erig1969"]
[Black "srvjhym"]
[Result "0-1"]
[WhiteElo "1949"]
[BlackElo "1922"]

1. d4 d5 2. c4 Nf6 3. Bg5 dxc4 4. Bxf6 exf6 5. a4 Bb4+ 6. Nc3 O-O 7. e3 Be6 8.
Be2 f5 9. Nf3 Qf6 10. Ne5 Nd7 11. Nxd7 Bxd7 12. Bxc4 Qc6 13. Bd5 Qxd5 14. O-O
Qa5 15. Qb3 b6 16. Ne2 Bd6 17. Qc2 c5 18. d5 Qb4 19. b3 Rae8 20. Nc3 Bc8 21.
Rfd1 Be5 22. Nb5 Bxa1 23. Rxa1 Rd8 24. d6 Rfe8 25. Rd1 Be6 26. Rb1 Bd5 27. Qxf5
Be4 0-1

[Event "AUTO-ADV-2938"]
[Site "http://www.queenalice.com/game.php?id=1209770"]
[Date "2013.8.20"]
[Round "1"]
[White "srvjhym"]
[Black "erig1969"]
[Result "1-0"]
[WhiteElo "1944"]
[BlackElo "2019"]

1. d4 d5 2. c4 c6 3. Nc3 e6 4. Nf3 Bb4 5. a3 Bxc3+ 6. bxc3 Qa5 7. Bd2 Nf6 8. e3
Ne4 9. Bd3 Nxd2 10. Qxd2 Nd7 11. O-O Nf6 12. cxd5 cxd5 13. c4 Qxd2 14. Nxd2 b6
15. Rab1 Ba6 16. Rb3 dxc4 17. Bxc4 Bxc4 18. Nxc4 O-O 19. Rc3 Ne4 20. Rc2 b5 21.
Nd2 Nf6 22. f3 Nd5 23. Kf2 a5 24. e4 Nf4 25. g3 Nh5 26. Rb1 Rab8 27. Rc5 Nf6 28.
Rbxb5 Rxb5 29. Rxb5 Ra8 30. a4 Ne8 31. Nc4 f6 32. Rxa5 Rc8 33. Rc5 Rd8 34. Ke3
Kf7 35. a5 g5 36. a6 Ra8 37. Rc6 Ke7 38. d5 exd5 39. exd5 Ra7 40. d6+ Ke6 41.
Nb6 Rxa6 42. d7+ 1-0

[Event "AUTO-ADV-2938"]
[Site "http://www.queenalice.com/game.php?id=1209779"]
[Date "2013.8.20"]
[Round "1"]
[White "srvjhym"]
[Black "AliceLachmann00"]
[Result "1-0"]
[WhiteElo "1920"]
[BlackElo "1426"]

1. d4 d6 2. Nf3 e6 3. c4 Ne7 4. e4 Nd7 5. b3 g6 6. Bf4 Bg7 7. Qd2 O-O 8. Bd3 c5
9. Bxd6 Re8 10. Nc3 cxd4 11. Nb5 Rf8 12. Nbxd4 e5 13. Nb5 1-0

[Event "AUTO-ADV-2938"]
[Site "http://www.queenalice.com/game.php?id=1209780"]
[Date "2013.8.20"]
[Round "1"]
[White "AliceLachmann00"]
[Black "srvjhym"]
[Result "0-1"]
[WhiteElo "1428"]
[BlackElo "1918"]

1. e4 e5 2. d4 Nf6 3. Bg5 Be7 4. Bxf6 Bxf6 5. d5 d6 6. Bd3 c6 7. c4 Qb6 8. Qd2
O-O 9. Nf3 Nd7 10. b4 a6 11. O-O a5 12. bxa5 Rxa5 13. Ng5 Bxg5 14. Qxg5 Nc5 15.
Qd2 Nxd3 16. Qxd3 Qb2 17. Nc3 Ra3 18. Rfc1 f5 19. Qc2 Qb4 20. Ne2 c5 21. Rcb1
Qa4 0-1

[Event "AUTO-ADV-3077"]
[Site "http://www.queenalice.com/game.php?id=1256662"]
[Date "2014.2.15"]
[Round "1"]
[White "srvjhym"]
[Black "MariusLola"]
[Result "1-0"]
[WhiteElo "1994"]
[BlackElo "1811"]

1. d4 d5 2. b3 Nf6 3. Nf3 Bf5 4. e3 a6 5. Nbd2 e6 6. Bd3 Bxd3 7. cxd3 Bb4 8. O-O
O-O 9. a3 Bc3 10. Rb1 a5 11. Bb2 Bxb2 12. Rxb2 b6 13. Ne5 c5 14. Ndf3 Qc7 15.
Qc2 Nbd7 16. Nxd7 Nxd7 17. dxc5 bxc5 18. Rc1 Rfc8 19. Qc3 Rab8 20. d4 c4 21. b4
axb4 22. axb4 Rb5 23. Nd2 Nf6 24. h3 Ne4 25. Nxe4 dxe4 26. Ra2 Rcb8 27. Qxc4
Qxc4 28. Rxc4 g6 29. Ra4 Kg7 30. Kh2 Kf6 31. g4 h5 32. Kg3 Kg5 33. h4+ Kf6 34.
g5+ Kg7 35. f3 exf3 36. Kxf3 R8b7 37. e4 f6 38. gxf6+ Kxf6 39. Ra6 R7b6 40. e5+
Kf5 41. Rc7 g5 42. Rf7+ Kg6 43. Raa7 gxh4 44. Kf4 1-0

[Event "AUTO-ADV-3077"]
[Site "http://www.queenalice.com/game.php?id=1256663"]
[Date "2014.2.15"]
[Round "1"]
[White "MariusLola"]
[Black "srvjhym"]
[Result "1-0"]
[WhiteElo "1848"]
[BlackElo "1993"]

1. d4 d5 2. c4 dxc4 3. e4 e5 4. Nf3 Bg4 5. d5 Nf6 6. Nc3 Bb4 7. Bxc4 Nxe4 8. O-O
Nxc3 9. bxc3 Bxc3 10. Rb1 b6 11. Qd3 Bd4 12. Nxd4 O-O 13. Ba3 Re8 14. Bb5 Qxd5
15. Bxe8 exd4 16. f3 Bf5 17. Qb3 Qxb3 18. Rxb3 Nd7 19. Bxd7 Bxd7 20. Re1 c5 21.
Rd3 f6 22. Re7 Rd8 23. Kf2 Kf8 24. Re1 Kf7 25. g4 g5 26. Ke2 Bb5 27. Bb2 Bxd3+
28. Kxd3 b5 29. Re4 Kg6 30. a3 a5 31. h3 c4+ 32. Kc2 Rd6 33. Rxd4 1-0

[Event "AUTO-ADV-3077"]
[Site "http://www.queenalice.com/game.php?id=1256664"]
[Date "2014.2.15"]
[Round "1"]
[White "srvjhym"]
[Black "maurice91"]
[Result "1-0"]
[WhiteElo "1977"]
[BlackElo "1707"]

1. d4 d5 2. b3 Nf6 3. Nf3 e6 4. e3 c5 5. Bb5+ Bd7 6. Bxd7+ Nbxd7 7. O-O Be7 8.
Bb2 Rc8 9. c4 dxc4 10. bxc4 cxd4 11. Qxd4 Bc5 12. Qf4 Qe7 13. Nbd2 Bd6 14. Qg5
O-O 15. e4 e5 16. Rac1 Bc5 17. Nxe5 Nxe5 18. Bxe5 Bb4 19. Nf3 h6 20. Qf5 Rfe8
21. Qf4 Rcd8 22. Rb1 b6 23. Qg3 g6 24. Bxf6 Qxf6 25. Rxb4 Rxe4 26. Qc7 Ra8 27.
Qb7 Ree8 28. Rbb1 Qc3 29. Qa6 Qd4 30. Nxd4 1-0

[Event "AUTO-ADV-3077"]
[Site "http://www.queenalice.com/game.php?id=1256665"]
[Date "2014.2.15"]
[Round "1"]
[White "maurice91"]
[Black "srvjhym"]
[Result "0-1"]
[WhiteElo "1715"]
[BlackElo "1971"]

1. d4 d5 2. Nf3 Nf6 3. Bf4 Bg4 4. e3 e6 5. Be2 Bxf3 6. Bxf3 Bd6 7. Bxd6 Qxd6 8.
c3 O-O 9. Na3 a6 10. O-O Nbd7 11. Nc2 b6 12. Re1 Rae8 13. g3 e5 14. dxe5 Rxe5
15. h3 c6 16. b3 b5 17. e4 Rfe8 18. exd5 cxd5 19. Rxe5 Qxe5 20. Nd4 Nb6 21. Qd2
Kf8 22. Nc6 Qe6 23. Nd4 Qxh3 24. Bg2 Qc8 25. Rc1 Qc7 26. Qg5 Re5 27. Qf4 Nh5 28.
Qh4 g6 29. Bf3 Kg7 30. Bxh5 Rxh5 31. Qg4 b4 32. Ne2 bxc3 33. Rxc3 Qe5 34. Re3
Qa1+ 0-1

[Event "AUTO-ADV-3077"]
[Site "http://www.queenalice.com/game.php?id=1256666"]
[Date "2014.2.15"]
[Round "1"]
[White "srvjhym"]
[Black "Feanzeli"]
[Result "0-1"]
[WhiteElo "1999"]
[BlackElo "1873"]

1. d4 d5 2. b3 Nf6 3. Nf3 Bg4 4. Nbd2 e6 5. a3 Be7 6. e3 Nbd7 7. Be2 O-O 8. O-O
h6 9. c4 Bf5 10. Ne5 Ne4 11. Bd3 Nxe5 12. dxe5 Nxf2 13. Rxf2 Bxd3 14. Qg4 Bc5
15. Nf1 dxc4 16. bxc4 Bxf1 17. Rxf1 Qd3 18. Qg3 Qxc4 19. Kh1 Qxf1# 0-1

[Event "AUTO-ADV-3077"]
[Site "http://www.queenalice.com/game.php?id=1256667"]
[Date "2014.2.15"]
[Round "1"]
[White "Feanzeli"]
[Black "srvjhym"]
[Result "0-1"]
[WhiteElo "1954"]
[BlackElo "1978"]

1. d4 d5 2. Nf3 b6 3. Bg5 Nd7 4. e3 Ngf6 5. Bd3 e6 6. Nbd2 Be7 7. c3 O-O 8. O-O
Bb7 9. h3 Nh5 10. Bxe7 Qxe7 11. Qc2 Nhf6 12. Ne5 g6 13. b4 Rac8 14. Rac1 c5 15.
bxc5 bxc5 16. Rb1 Rb8 17. Ndf3 Qd6 18. Qa4 a6 19. Bxa6 Qxa6 20. Qc2 Rfc8 21.
Rfe1 Nxe5 22. Nxe5 Qd6 0-1

[Event "AUTO-ADV-2938"]
[Site "http://www.queenalice.com/game.php?id=1270376"]
[Date "2014.4.4"]
[Round "2"]
[White "pomar"]
[Black "srvjhym"]
[Result "1-0"]
[WhiteElo "2164"]
[BlackElo "2004"]

1. f3 e6 2. Kf2 b6 3. e3 Nf6 4. c4 e5 5. d4 exd4 6. exd4 d5 7. Nc3 dxc4 8. Bxc4
Nc6 9. Nge2 Bd6 10. Bb5 Bb7 11. d5 Bc5+ 12. Ke1 Nxd5 13. Qxd5 Qxd5 14. Nxd5
O-O-O 15. Ndc3 Nb4 16. Ba4 Nd3+ 17. Kf1 Nxc1 18. Rxc1 Rd2 19. Rc2 Rhd8 20. Rxd2
Rxd2 21. Bb3 Ba6 22. Ke1 Rxb2 23. Kd1 f6 24. h4 h5 25. g4 Be3 26. Rh3 hxg4 27.
fxg4 Rd2+ 28. Ke1 Rd3 29. Rg3 Bd2+ 30. Kf2 1-0

[Event "AUTO-ADV-2938"]
[Site "http://www.queenalice.com/game.php?id=1270377"]
[Date "2014.4.4"]
[Round "2"]
[White "srvjhym"]
[Black "pomar"]
[Result "1-0"]
[WhiteElo "1982"]
[BlackElo "2143"]

1. d4 e6 2. Nf3 d5 3. c3 c5 4. Bf4 Nc6 5. e3 Qb6 6. b3 cxd4 7. exd4 Nf6 8. Bd3
Be7 9. O-O Bd7 10. Nbd2 h6 11. Rb1 Rc8 12. Be3 Bd6 13. c4 Bb4 14. Ne5 Nxd4 15.
cxd5 Nxd5 16. Nxd7 Kxd7 17. Nc4 Qc5 18. Be4 Nc3 19. Bxd4 Nxd1 20. Bxc5 Bxc5 21.
Rfxd1+ Kc7 22. b4 Bb6 23. Nd6 Rcf8 24. Nb5+ 1-0

[Event "AUTO-ADV-2938"]
[Site "http://www.queenalice.com/game.php?id=1270380"]
[Date "2014.4.4"]
[Round "2"]
[White "srvjhym"]
[Black "jgfmelo"]
[Result "1-0"]
[WhiteElo "2003"]
[BlackElo "1994"]

1. d4 Nc6 2. Nf3 d6 3. Bg5 f6 4. Bh4 Bg4 5. Nbd2 g5 6. Bg3 Qd7 7. c3 h5 8. h3
Bf5 9. e4 Bg6 10. Bc4 e6 11. Qe2 O-O-O 12. e5 d5 13. Bb5 Bg7 14. O-O h4 15. exf6
Nxf6 16. Ne5 Qe8 17. Bxc6 Nd7 18. Qb5 Nb6 19. Bxe8 Bxe8 20. Qe2 a6 21. Bh2 Bb5
22. Nd3 Na4 23. Qxe6+ Kb8 24. Nb4 Rhe8 25. Qf7 Rc8 26. Qxg7 Bxf1 27. Nxf1 Nb6
28. Ne3 Ka7 29. Bxc7 Rg8 30. Bxb6+ Kxb6 31. Nexd5+ Ka7 32. Nc6+ Ka8 33. Nb6# 1-0

[Event "AUTO-ADV-2938"]
[Site "http://www.queenalice.com/game.php?id=1270381"]
[Date "2014.4.4"]
[Round "2"]
[White "jgfmelo"]
[Black "srvjhym"]
[Result "0-1"]
[WhiteElo "1978"]
[BlackElo "2019"]

1. e4 e5 2. Nf3 Nc6 3. Bb5 Nf6 4. Bxc6 bxc6 5. Qe2 c5 6. Nxe5 Bb7 7. d3 Be7 8.
Nc3 O-O 9. g4 d6 10. Nc4 Re8 11. h4 d5 12. Na5 Ba6 13. f3 Bd6 14. Bd2 Qd7 15.
O-O-O d4 16. Nb1 Rab8 17. Na3 Qa4 18. N5c4 Bxc4 19. dxc4 Rb6 20. Nb5 Qxa2 21.
Bg5 a6 22. Nxd6 Qxb2+ 23. Kd2 Qc3+ 24. Kc1 Rxd6 25. Qd3 Qa5 26. Qb3 Rb6 27. Qd3
Reb8 28. c3 Rb3 29. Kd2 Rxc3 30. Qxc3 Rb2+ 31. Ke1 Qxc3+ 32. Bd2 Qxf3 33. Rh2
Qg3+ 34. Rf2 Nxe4 35. Be3 Qg1+ 0-1

[Event "AUTO-ADV-3077"]
[Site "http://www.queenalice.com/game.php?id=1308542"]
[Date "2014.9.16"]
[Round "2"]
[White "dbwright308"]
[Black "srvjhym"]
[Result "1-0"]
[WhiteElo "1799"]
[BlackElo "2024"]

1. e4 e5 2. d4 exd4 3. Qxd4 Nc6 4. Qe3 d6 5. Bb5 a6 6. Bxc6+ bxc6 7. Na3 Nf6 8.
Nf3 Bg4 9. e5 Nd5 10. Qe2 Bxf3 11. Qxf3 dxe5 12. O-O Bxa3 13. bxa3 Rb8 14. c4
Ne7 15. Bg5 c5 16. Rfd1 Qc8 17. Bxe7 Kxe7 18. Qd5 Qe6 19. Qxc5+ Kf6 20. Re1 Rhe8
21. Re4 Qf5 22. f3 Qe6 23. Rae1 Qb6 24. Qxb6+ Rxb6 25. g4 1-0

[Event "AUTO-ADV-3077"]
[Site "http://www.queenalice.com/game.php?id=1308543"]
[Date "2014.9.16"]
[Round "2"]
[White "srvjhym"]
[Black "dbwright308"]
[Result "0-1"]
[WhiteElo "1999"]
[BlackElo "1824"]

1. d4 d5 2. c4 c6 3. Nf3 b6 4. Nc3 g6 5. Qa4 Bd7 6. e3 a6 7. Bd3 c5 8. Qb3 cxd4
9. Nxd4 e5 10. Nde2 Bf5 11. Nxd5 Nd7 12. Bxf5 gxf5 13. Ng3 Nh6 14. Qa4 a5 15.
O-O Be7 16. Qc2 Rc8 17. b3 Nf6 18. e4 fxe4 19. Bxh6 Nxd5 20. Qxe4 Rc6 21. Nf5
Bf6 22. cxd5 Rc5 23. Rad1 Kd7 24. Qa4+ b5 25. Qa3 Qc7 0-1

[Event "AUTO-ADV-3077"]
[Site "http://www.queenalice.com/game.php?id=1308546"]
[Date "2014.9.16"]
[Round "2"]
[White "Feanzeli"]
[Black "srvjhym"]
[Result "1-0"]
[WhiteElo "2115"]
[BlackElo "2037"]

1. d4 d5 2. Nf3 Nf6 3. Bg5 b6 4. e3 Bb7 5. Bd3 e6 6. O-O Be7 7. Nbd2 Ba6 8. c4
Nc6 9. Qa4 Bb7 10. Ne5 Qd6 11. cxd5 Qxd5 12. Bxf6 Bxf6 13. Be4 Qxe4 14. Nxe4
Bxe5 15. dxe5 O-O 16. Rfc1 Na5 17. Rxc7 Rac8 18. Rxc8 Rxc8 19. Nd6 1-0

[Event "AUTO-ADV-3077"]
[Site "http://www.queenalice.com/game.php?id=1308547"]
[Date "2014.9.16"]
[Round "2"]
[White "srvjhym"]
[Black "Feanzeli"]
[Result "0-1"]
[WhiteElo "1976"]
[BlackElo "2148"]

1. d4 d5 2. c4 e6 3. Nf3 Nf6 4. Bg5 Be7 5. Bxf6 Bxf6 6. e3 O-O 7. Bd3 Nd7 8. O-O
h6 9. Nc3 c6 10. Qc2 Be7 11. Ne2 dxc4 12. Qxc4 Nf6 13. a3 Bd7 14. Nf4 Qb6 15.
Ne5 Rad8 16. b4 Bd6 17. Be2 Ne4 18. Nxd7 Rxd7 19. Nxe6 Re8 20. Nc5 Rdd8 21. Qc2
Bxc5 22. bxc5 Qc7 23. Rab1 Rb8 0-1